| 000 | 00754nam a2200217Ia 4500 | ||
|---|---|---|---|
| 001 | 12484 | ||
| 003 | GE_BSU | ||
| 008 | 181216s||||||||xx |||||||||||||| ||und|| | ||
| 040 | _cGE_BSU | ||
| 080 | _a595.70(075.8) | ||
| 100 | _aСоболев,А.С. | ||
| 245 | _aПрактикум по сельскохозяйственной энтомологии | ||
| 245 | _bУч. пособ. для агрономич. фак-в | ||
| 245 | _cРед.Г.Д.Каплан.Худ.Г.А.Кудрявцев | ||
| 260 | _aМосква | ||
| 260 | _bГосиздат сель.-хоз.лит-ры | ||
| 260 | _c1961 | ||
| 300 | _a326стр.21см. | ||
| 653 | _aПрактикум по сельскохозяйственной энтомологии | ||
| 942 | _cBK | ||
| 999 |
_c45658 _d45658 |
||